MESTSKÁ KNIŽNICA GIRALTOVCE  - online katalóg 

Dze ši, Sosňičko, rosla (Record no. 23567)

000 -NÁVESTIE
fixed length control field 00343nam a2200145 a 4500
005 - DÁTUM A ČAS POSLEDNEJ TRANSAKCIE
control field 20240214075545.0
008 - ÚDAJE S PEVNOU DĹŽKOU – VŠEOBECNÉ INFORMÁCIE
fixed length control field 101209s1991|||| d
020 ## - MEDZINÁRODNÉ ŠTANDARDNÉ ČÍSLO KNIHY (ISBN)
Údaje o dostupnosti 10
040 ## - ZDROJ KATALOGIZÁCIE
Prepisujúca agentúra sl
041 ## - KÓD JAZYKA
Kód jazyka textu/zvukovej stopy alebo samostatných nápisov slo
044 ## - KÓD KRAJINY VYDAVATEĽA/PRODUCENTA
Kód krajiny MARC xo
Kód krajiny ISO SK
100 1# - OSOBNÉ MENÁ – VŠEOBECNÉ INFORMÁCIE
Osobné meno Kandráčová, Monika
-- 3896
245 10 - NÁZOV
Názov Dze ši, Sosňičko, rosla
260 ## - VYDAVATEĽSKÉ ÚDAJE, DISTRIBÚCIA ATĎ.
Názov vydavateľa, distibútora atď. A.R.I.
Miesto publikovania, distribúcie atď. Prešov
Dátum publikovania, distribúcie atď. 1991
Holdings
Stav stiahnutia (Blokovanie) (Withrawn status) Stav straty Zdroj klasifikácie pre skladovanie Stav poškodenia (Damaged status) Nie pre výpožičky (Not for loan) Spôsob nadobudnutia (Collection code) Trvalé umiestnenie Aktuálne umiestnenie Dátum nadobudnutia Náklady, bežná kúpna cena Inventárne číslo (prírastkové číslo) Celkom výpožičky Full call number Čiarový kód Dátum posledného výskytu Dátum poslednej výpôžičky Cena s účinnosťou od Typ jednotky Koha
          Kúpa Mestská knižnica Giraltovce Mestská knižnica Giraltovce 2024-02-14 0.00 14093 1 I0164 I0164 2024-03-01 2024-02-14 2024-02-14 Odborná literatúra pre dospelých

Powered by Koha